000 00589nam a2200253Ia 4500
005 20250425162714.0
008 250425s9999 xx 000 0 und d
020 _a9701054997
041 _aspa
043 _asp
082 _a339
100 _aSAMUELSON, A. PAUL
245 0 _aMACROECONOMÍA CON APLICACIONES A LATINOAMÉRICA
250 _a16A ED.
260 _aEspaña
_bMCGRAW - HILL
_c2006
260 _aMADRID
300 _a476
650 _aECONOMIA
650 _aECONOMIA
650 _aMACROECONOMIA
650 _aMACROECONOMIA
942 _c01
010 _a98599
999 _c234761
_d234761